000 01001nam a2200229Ia 4500
001 16780
005 20260401120029.0
008 260306t2009||||xx |||||||||||||| ||und||
041 _aESP
082 _a657
_bF47A
100 _aFierro M., Angel María
_eAUT
245 0 _aContabilidad de activos
260 _c2009
300 _axi, 267 páginas :
_c24 cm.
650 _aGEN
654 _aCCO
856 _uhttps://itmsp.museknowledge.com/UCSP?url=https://www.ebooks7-24.com:443/?il=10057&pg=2
_zVéase además: Contabilidad de activos con NIIF: aplica matemáticas financieras con Excel. Versión digital
856 _uhttps://0u213uxbb-y-https-ebooks7--24-com.itmsp.museknowledge.com/biblioteca.aspx
_zVéase además: Base de datos Ebook7-24
856 _uhttps://www.legismovil.pe/LNP.asp
_zVéase además: Base de datos LegisMóvil
856 _uhttps://0u23guxbk-y-https-contadores360-pe.itmsp.museknowledge.com/
_zVéase además: Base de datos Contadores 360
942 _cLIB
_dJUS
_fJUS
_2ddc
999 _c16780
_d16780